As i was passing
| Main Author: | |
|---|---|
| Format: | Book |
| Published: |
Petaling Jaya :
MPH Publishing ,
2007
|
| Subjects: |
MARC
| LEADER | 00000cam a2200000 7i4500 | ||
|---|---|---|---|
| 001 | 0000020232 | ||
| 005 | 20070927.0 | ||
| 020 | |a 9789833698066 | ||
| 040 | |a INS | ||
| 090 | 0 | 0 | |a DS594 |b A35 2007 |
| 100 | 1 | |a Adibah Amin | |
| 245 | 1 | 0 | |a As i was passing |c Adibah Amin |
| 260 | |a Petaling Jaya : |b MPH Publishing , |c 2007 | ||
| 300 | |a xxi,344 p. ; |c 20 cm. | ||
| 651 | 0 | |a Malaysia |x Anecdotes | |
| 651 | 0 | |a Malaysia |x Manners and customs |x Anecdotes | |
| 651 | 0 | |a Malaysia |x Social life and customs | |
| 999 | |a 0000019145 |b BOOK |c Open Shelf |e Default branch | ||